000 00672nam a22002057a 4500
999 _c3297
_d3297
003 AR-CdUCM
008 190306b ||||| |||| 00| 0 spa d
040 _aMUNICIPALIDAD PROVINCIAL DEL CUSCO
_cBIBLIOTECA MUNICIPAL DEL CUSCO
082 _a177.6 /
_bAL35
100 _aAlatrista, Víctor Manuel
_910974
245 _aLa amistad /
260 _aCusco :
_bLa colmena,
_c1972.
300 _a217 páginas ;
_c21 cm.
505 _aContenido: La humanidad doliente -- Introducción a la amistad -- Pujarteaga y Mimí -- La amistad -- Sed ...
650 _aAmistad
_91042
650 _aAfecto
_910975
650 _aCompañerismo
_910976
942 _2ddc
_cLIBROS
945 _aafb